Principles of Management (Record no. 5378)

MARC details
000 -LEADER
fixed length control field 00333nam a2200157Ia 4500
003 - CONTROL NUMBER IDENTIFIER
control field OSt
008 - FIXED-LENGTH DATA ELEMENTS--GENERAL INFORMATION
fixed length control field 191201s2019 xx 000 0 und d
082 ## - DEWEY DECIMAL CLASSIFICATION NUMBER
Classification number 658
Item number TRP
100 ## - MAIN ENTRY--PERSONAL NAME
Personal name TRIPATHI, P C
245 #0 - TITLE STATEMENT
Title Principles of Management
250 ## - EDITION STATEMENT
Edition statement 5th
260 ## - PUBLICATION, DISTRIBUTION, ETC. (IMPRINT)
Place of publication, distribution, etc New Delhi
Name of publisher, distributor, etc TMH
300 ## - PHYSICAL DESCRIPTION
Extent 454
650 ## - SUBJECT ADDED ENTRY--TOPICAL TERM
Topical term or geographic name as entry element MBA
942 ## - ADDED ENTRY ELEMENTS (KOHA)
Source of classification or shelving scheme Dewey Decimal Classification
Koha item type Text Books
Holdings
Withdrawn status Lost status Source of classification or shelving scheme Damaged status Not for loan Collection code Home library Current library Date acquired Source of acquisition Cost, normal purchase price Bill Number Total Checkouts Full call number Acc. no. / Barcode Date last seen Bill Date Koha item type Date last borrowed Checked out
    Dewey Decimal Classification     MBA PIET C-LIBRARY PIET C-LIBRARY 16/07/2012 IBH, New Delhi 375.00 5677   658 TRP 20224 04/12/2019 14/07/2012 Text Books    
    Dewey Decimal Classification     MBA PIET C-LIBRARY PIET C-LIBRARY 16/07/2012 IBH, New Delhi 375.00 5677 2 658 TRP 20225 07/12/2020 14/07/2012 Text Books 05/03/2020  
    Dewey Decimal Classification     MBA PIET C-LIBRARY PIET C-LIBRARY 16/07/2012 IBH, New Delhi 375.00 5677 4 658 TRP 20226 29/01/2024 14/07/2012 Text Books 15/01/2024  
    Dewey Decimal Classification     MBA PIET C-LIBRARY PIET C-LIBRARY 16/07/2012 IBH, New Delhi 375.00 5677 2 658 TRP 20227 06/11/2020 14/07/2012 Text Books 06/11/2020 20/11/2020
    Dewey Decimal Classification     MBA PIET C-LIBRARY PIET C-LIBRARY 16/07/2012 IBH, New Delhi 375.00 5677 3 658 TRP 20228 18/09/2023 14/07/2012 Text Books 15/09/2023  
    Dewey Decimal Classification     MBA PIET C-LIBRARY PIET C-LIBRARY 07/09/2012 IBH, New Delhi 375.00 10250 2 658 TRP 20957 19/12/2025 04/09/2012 Text Books 25/08/2025  
    Dewey Decimal Classification     MBA PIET C-LIBRARY PIET C-LIBRARY 07/09/2012 IBH, New Delhi 375.00 10250 1 658 TRP 20958 05/03/2020 04/09/2012 Text Books 12/02/2020  

Design & Developed by: PIET Central Library
R70 Miles Stone Pattikalyana Samalkha Panipat 132102
mail ID :- [email protected], Phone No:- 0180-2569700 Ex.216